000 00193 a2200097 4500
001 11361
100 _aWorsley, P
245 _aInside China
260 _a
_bAllen Lane
_c
090 _c8910
_d8910
942 _aNUST-CAE
_cM
_c35723
999 _c246434
_d246434